Longest rostered player by NBA team - Statistics

General Stats
  • This quiz has been taken 21 times
  • The average score is 13 of 30
Answer Stats
Team First year Player % Correct
Warriors 2009 Stephen Curry
100%
Bucks 2013 Giannis Antetokounmpo
94%
76ers 2014 Joel Embiid
94%
Nuggets 2014 Nikola Jokic
94%
Suns 2015 Devin Booker
88%
Celtics 2016 Jaylen Brown
82%
Grizzlies 2019 Ja Morant
71%
Lakers 2018 LeBron James
71%
Pelicans 2019 Zion Williamson
71%
Heat 2017 Bam Adebayo
53%
Bulls 2020 Patrick Williams
53%
Clippers 2019 Kawhi Leonard
47%
Spurs 2019 Keldon Johnson
41%
Raptors 2021 Scottie Barnes
41%
Kings 2022 Domantas Sabonis
35%
Thunder 2019 Luguentz Dort
35%
Hornets 2018 Miles Bridges
35%
Nets 2019 Nic Claxton
29%
Mavericks 2014 Dwight Powell
24%
Magic 2017 Jonathan Isaac
24%
Knicks 2018 Mitchell Robinson
24%
Timberwolves 2019 Naz Reid
24%
Wizards 2020 Anthony Gill
12%
Pistons 2020 Isaiah Stewart
12%
Trail Blazers 2022 Shaedon Sharpe
12%
Cavaliers 2019 Dean Wade
6%
Rockets 2020 Jae'Sean Tate
6%
Hawks 2020 Onyeka Okongwu
6%
Pacers 2019 TJ McConnell
6%
Jazz 2022 Walker Kessler
6%
No matching quizzes found
Score Distribution
Percent of People with Each Score
Percentile by Number Answered
Your Score History
You have not taken this quiz